000 00433nam a2200181Ia 4500
001 18013
005 20260306171559.0
008 260306s9999||||xx |||||||||||||| ||und||
041 _aESP
082 _a658.31244
_bL32
100 _aLazzati, Santiago C.
_eAUT
245 0 _aCompetencias, cambio y coaching
260 _c2016
300 _a245 páginas :
_c23 cm.
650 _aGEN
654 _aCAN
942 _cLIB
_dJUS
_fJUS
_2ddc
_n
999 _c18013
_d18013